Estatísticas para Mr. Olympia (Classic physique)

Clique aqui para jogar o quiz

Estatísticas Gerais

  • Esse quiz foi jogado 43 vezes
    (10 desde o último reset)
  • A pontuação média é 6 de 8

Estatísticas das Respostas

AnosNacionalidadeFisiculturista% Correto
2019CanadáChris Bumstead
100%
2020CanadáChris Bumstead
100%
2021CanadáChris Bumstead
100%
2022CanadáChris Bumstead
100%
2023CanadáChris Bumstead
100%
2017Estados UnidosBreon Ansley
50%
2018Estados UnidosBreon Ansley
50%
2016Estados UnidosDanny Hester
10%

Distribuição das Pontuações

Percentil de Números Respondidos

Porcentagem de Pessoas com Cada Pontuação

Sua Pontuação Histórica

Você não jogou esse quiz desde o último reset